[Event "TCh-RUS HL 2019"]
[Site "Sochi RUS"]
[Date "2019.05.09"]
[Round "8.10"]
[Board "1"]
[White "Papin, Vasily"]
[Black "Kuzmin, Roman"]
[Result "1-0"]
[WhiteTitle "GM"]
[WhiteElo "2468"]
[BlackElo "2091"]
[WhiteTeam "Law Faculty of Moscow State University (Moscow)"]
[BlackTeam "Ural Chess Academy A. Karpov"]
[WhiteFideId "4143183"]
[BlackFideId "44134932"]
[EventDate "2019.05.01"]

1. Nf3 Nf6 2. g3 d5 3. c4 c6 4. Bg2 Bg4 5. Ne5 Be6 6. cxd5 Bxd5 7. Nf3 c5 8. Nc3
Bc6 9. O-O g6 10. Qb3 e6 11. Rd1 Nbd7 12. d4 Qb6 13. Qc4 Bg7 14. Be3 Nd5 15.
Nxd5 Bxd5 16. Qc1 Bxf3 17. dxc5 Qxb2 18. Bxf3 Qxa1 19. Qd2 Rd8 20. Rxa1 Bxa1 21.
Qc1 Be5 22. Bxb7 Bc7 23. Bf4 Ne5 24. Qc3 f6 25. Qa3 a5 26. h4 Ke7 27. Kg2 Rd4
28. Bxe5 fxe5 29. Qf3 Rhd8 30. Qc6 R4d7 31. Ba6 Kf6 32. Bc4 Re7 33. g4 Kg7 34.
Bxe6 Rf8 35. g5 Rf4 36. e3 Rxh4 37. Bd7 Rf7 38. Qxc7 Rg4+ 39. Kf1 Rxg5 40. Qd6
Rh5 41. c6 Rf6 42. Qe7+ Rf7 43. Qxf7+ Kxf7 44. c7 Rh1+ 45. Kg2 Rc1 46. c8=Q Rxc8
47. Bxc8 Ke7 48. Kf3 Kd6 49. Ke4 Kc7 50. Be6 Kd6 51. Bg8 1-0

[Event "TCh-RUS HL 2019"]
[Site "Sochi RUS"]
[Date "2019.05.10"]
[Round "9.1"]
[Board "1"]
[White "Potapov, Pavel"]
[Black "Musalov, Ruslan"]
[Result "1/2-1/2"]
[WhiteTitle "GM"]
[BlackTitle "IM"]
[WhiteElo "2492"]
[BlackElo "2338"]
[WhiteTeam "Yamal (YaNAO)"]
[BlackTeam "Dagestan"]
[WhiteFideId "4169786"]
[BlackFideId "4141490"]
[EventDate "2019.05.01"]

1. e4 e5 2. Nf3 Nc6 3. Bb5 Nf6 4. O-O Nxe4 5. Re1 Nd6 6. Nxe5 Nxe5 7. Rxe5+ Be7
8. Bf1 O-O 9. d4 Bf6 10. Re1 Re8 11. c3 Rxe1 12. Qxe1 Qe8 13. Qxe8+ Nxe8 14. Bf4
d5 15. Bd3 Be7 16. Nd2 Bd6 17. Bxd6 Nxd6 18. Re1 Be6 19. f3 Re8 20. Kf2 Kf8 21.
h4 Bf5 22. Rxe8+ Kxe8 23. Bxf5 Nxf5 24. g3 Nd6 25. Ke3 Ke7 26. Kd3 Nf5 27. Nf1
Kd7 28. Ke2 Ke6 29. Kd3 Kd7 30. Ke2 Ke6 31. Kd3 Kd7 32. Ke2 Ke6 1/2-1/2

[Event "TCh-RUS HL 2019"]
[Site "Sochi RUS"]
[Date "2019.05.10"]
[Round "9.1"]
[Board "2"]
[White "Tekeyev, Zaur"]
[Black "Belyakov, Bogdan"]
[Result "1/2-1/2"]
[WhiteTitle "FM"]
[BlackTitle "IM"]
[WhiteElo "2386"]
[BlackElo "2460"]
[WhiteTeam "Dagestan"]
[BlackTeam "Yamal (YaNAO)"]
[WhiteFideId "4199731"]
[BlackFideId "24104795"]
[EventDate "2019.05.01"]

1. e4 e5 2. Nf3 Nc6 3. Nc3 Nf6 4. d4 exd4 5. Nxd4 Bb4 6. Nxc6 bxc6 7. Bd3 d5 8.
exd5 cxd5 9. O-O O-O 10. Bg5 c6 11. Qf3 Rb8 12. Ne2 Bg4 13. Bxf6 Bxf3 14. Bxd8
Bxe2 15. Bxe2 Rfxd8 16. Rfd1 Bd6 17. b3 Be5 18. Rab1 Bc3 19. Rd3 Bf6 20. Rdd1
Bc3 21. Rd3 Bf6 22. Rdd1 Bc3 23. Rd3 Bf6 1/2-1/2

[Event "TCh-RUS HL 2019"]
[Site "Sochi RUS"]
[Date "2019.05.10"]
[Round "9.1"]
[Board "4"]
[White "Kamaev, Dzhabrail"]
[Black "Sergeyev, Alexander"]
[Result "1/2-1/2"]
[BlackTitle "FM"]
[WhiteElo "1982"]
[BlackElo "2400"]
[WhiteTeam "Dagestan"]
[BlackTeam "Yamal (YaNAO)"]
[WhiteFideId "34164798"]
[BlackFideId "13702076"]
[EventDate "2019.05.01"]

1. e4 e5 2. Nf3 Nc6 3. Bb5 a6 4. Ba4 Nf6 5. O-O Be7 6. Re1 b5 7. Bb3 O-O 8. c3
d6 9. h3 Re8 10. Ng5 Rf8 11. Nf3 Re8 12. Ng5 Rf8 13. Nf3 Re8 14. Ng5 Rf8 15. Nf3
Re8 16. Ng5 Rf8 1/2-1/2

[Event "TCh-RUS HL 2019"]
[Site "Sochi RUS"]
[Date "2019.05.10"]
[Round "9.2"]
[Board "1"]
[White "Antonenko, Vladimir"]
[Black "Korneev, Oleg"]
[Result "1/2-1/2"]
[WhiteTitle "FM"]
[BlackTitle "GM"]
[WhiteElo "2387"]
[BlackElo "2530"]
[WhiteTeam "NGTU-NETI (Novosibirsk region)"]
[BlackTeam "KPRF (Moscow)"]
[WhiteFideId "24159409"]
[BlackFideId "4156803"]
[EventDate "2019.05.01"]

1. d4 d5 2. c4 e6 3. Nf3 Nf6 4. g3 Be7 5. Bg2 O-O 6. O-O dxc4 7. Ne5 Nc6 8. Bxc6
bxc6 9. Nxc6 Qe8 10. Nxe7+ Qxe7 11. Na3 Rd8 12. Qc2 Ba6 13. Nxc4 c5 14. dxc5
Qxc5 15. b3 Bxc4 16. Bb2 Rac8 17. Bxf6 gxf6 18. Rfc1 Qe5 19. bxc4 Rd4 20. c5 Rd5
21. c6 Rd6 22. Rab1 Rdxc6 23. Qxc6 Rxc6 24. Rxc6 Qxe2 25. Rc7 Qxa2 26. Rbb7 e5
27. Rxa7 Qb1+ 28. Kg2 Qe4+ 29. Kg1 Qe1+ 30. Kg2 Qe4+ 31. Kg1 Qe1+ 32. Kg2 Qe4+
33. Kg1 Qe1+ 34. Kg2 Qe4+ 35. Kg1 Qe1+ 36. Kg2 Qe4+ 37. Kg1 Qe1+ 38. Kg2 Qe4+
39. Kg1 Qe1+ 40. Kg2 Qe4+ 1/2-1/2

[Event "TCh-RUS HL 2019"]
[Site "Sochi RUS"]
[Date "2019.05.10"]
[Round "9.2"]
[Board "2"]
[White "Kornev, Alexei"]
[Black "Bublei, Pavel"]
[Result "1-0"]
[WhiteTitle "GM"]
[BlackTitle "FM"]
[WhiteElo "2490"]
[BlackElo "2370"]
[WhiteTeam "KPRF (Moscow)"]
[BlackTeam "NGTU-NETI (Novosibirsk region)"]
[WhiteFideId "4120949"]
[BlackFideId "24112593"]
[EventDate "2019.05.01"]

1. d4 d5 2. c4 e6 3. Nc3 Nf6 4. cxd5 exd5 5. Bg5 Be6 6. e3 Bd6 7. Bd3 h6 8. Bh4
O-O 9. Nge2 Re8 10. h3 Nbd7 11. O-O c6 12. a3 a5 13. Qc2 Rc8 14. Rad1 b5 15. e4
dxe4 16. Nxe4 Be7 17. Nc5 Bd5 18. Bf5 Ra8 19. Rfe1 Nxc5 20. dxc5 Nh5 21. Bg3
Nxg3 22. Nxg3 Qc7 23. Be4 Be6 24. Bh7+ Kh8 25. Bf5 Bd5 26. Be4 Be6 27. Nf5 Bxf5
28. Bxf5 Bf8 29. g3 Rxe1+ 30. Rxe1 Rd8 31. b4 axb4 32. axb4 g6 33. Bg4 h5 34.
Bf3 h4 35. gxh4 Qf4 36. Qe4 Qxe4 37. Rxe4 Rd3 38. Kg2 Rb3 39. h5 Kg7 40. hxg6
Kxg6 41. Rg4+ 1-0

[Event "TCh-RUS HL 2019"]
[Site "Sochi RUS"]
[Date "2019.05.10"]
[Round "9.2"]
[Board "3"]
[White "Gubsky, Egor"]
[Black "Chernyshov, Konstantin"]
[Result "1-0"]
[WhiteTitle "FM"]
[BlackTitle "GM"]
[WhiteElo "2290"]
[BlackElo "2461"]
[WhiteTeam "NGTU-NETI (Novosibirsk region)"]
[BlackTeam "KPRF (Moscow)"]
[WhiteFideId "4194055"]
[BlackFideId "4117328"]
[EventDate "2019.05.01"]

1. d4 Nf6 2. c4 e6 3. Nf3 b6 4. g3 Bb7 5. Bg2 Be7 6. O-O O-O 7. Nc3 Na6 8. Re1
Ne4 9. Nxe4 Bxe4 10. a3 c6 11. Qb3 Bf6 12. Rd1 c5 13. Bf4 cxd4 14. Bd6 Nc5 15.
Qa2 Re8 16. Nxd4 Bxg2 17. Kxg2 Qc8 18. f3 Nb7 19. Nb5 a6 20. Nc3 Bxc3 21. bxc3
Qc6 22. Bf4 e5 23. Be3 e4 24. f4 Nd6 25. c5 Nf5 26. Bg1 e3+ 27. Qd5 bxc5 28.
Qxc6 dxc6 29. Rab1 h5 30. Kf3 Re6 31. h3 Rae8 32. Rb6 g5 33. fxg5 f6 34. g6 Ne7
35. Rxa6 Nxg6 36. Ra5 Re5 37. Rd6 Rf5+ 38. Kg2 h4 39. g4 Nf4+ 40. Kf3 Nxh3+ 41.
gxf5 Nxg1+ 42. Kg4 h3 43. Rxf6 Nxe2 44. Rg6+ Kf8 45. Rh6 Re4+ 46. Kg5 Nf4 47.
Ra8+ Kg7 48. f6+ Kf7 49. Rh7+ 1-0

[Event "TCh-RUS HL 2019"]
[Site "Sochi RUS"]
[Date "2019.05.10"]
[Round "9.2"]
[Board "4"]
[White "Yagupov, Igor"]
[Black "Kolmagorov, Alexey"]
[Result "1-0"]
[WhiteTitle "GM"]
[WhiteElo "2391"]
[BlackElo "2180"]
[WhiteTeam "KPRF (Moscow)"]
[BlackTeam "NGTU-NETI (Novosibirsk region)"]
[WhiteFideId "4113632"]
[BlackFideId "34129402"]
[EventDate "2019.05.01"]

1. e4 c5 2. Nf3 Nc6 3. d4 cxd4 4. Nxd4 g6 5. c4 Nf6 6. Nc3 d6 7. Be2 Nxd4 8.
Qxd4 Bg7 9. Be3 O-O 10. Qd2 a5 11. f3 a4 12. Rc1 Be6 13. Kf2 Nd7 14. Rhd1 Qa5
15. Nd5 Bxd5 16. Qxa5 Rxa5 17. cxd5 Nc5 18. Rc2 f5 19. exf5 Rxf5 20. g4 Rf8 21.
f4 Be5 22. Kf3 Kh8 23. g5 Bxf4 24. Bxf4 e5 25. dxe6 Nxe6 26. Rc4 Raf5 27. Rdd4
Nxd4+ 28. Rxd4 Rxg5 29. Rxa4 Rh5 30. Kg3 Rd5 31. Re4 g5 32. Be3 h6 33. Bd4+ Kh7
34. Bd3 1-0

[Event "TCh-RUS HL 2019"]
[Site "Sochi RUS"]
[Date "2019.05.10"]
[Round "9.3"]
[Board "1"]
[White "Drygalov, Sergey"]
[Black "Triapishko, Alexandr"]
[Result "1/2-1/2"]
[WhiteTitle "IM"]
[BlackTitle "IM"]
[WhiteElo "2485"]
[BlackElo "2506"]
[WhiteTeam "South Ural (Chelyabinsk region)"]
[BlackTeam "Krym Nash"]
[WhiteFideId "24171743"]
[BlackFideId "14122286"]
[EventDate "2019.05.01"]

1. Nf3 Nf6 2. d4 g6 3. c4 Bg7 4. g3 c6 5. Bg2 d5 6. Nbd2 O-O 7. O-O Bf5 8. b3
Ne4 9. Bb2 a5 10. Nh4 Nxd2 11. Qxd2 Be6 12. e4 dxc4 13. d5 Bxb2 14. Qxb2 cxd5
15. exd5 Bxd5 16. Rad1 c3 17. Qxc3 e6 18. Bxd5 exd5 19. Qf3 Nc6 20. Rxd5 Nd4 21.
Qe4 Ne2+ 22. Kg2 Nf4+ 23. gxf4 Qxh4 24. Qf3 a4 25. Rb5 axb3 26. axb3 Rad8 27.
Rc1 Rd7 28. Rc3 Rfd8 29. Rxb7 Rxb7 30. Qxb7 Qg4+ 31. Rg3 Qxf4 32. Qf3 Qd6 33.
Qe4 Rb8 34. Rd3 Qf6 35. Rf3 Qd6 36. Rd3 Qf6 37. Rf3 Qd6 38. Rd3 Qf6 39. Rf3 Qd6
40. Rd3 Qf6 41. Rf3 1/2-1/2

[Event "TCh-RUS HL 2019"]
[Site "Sochi RUS"]
[Date "2019.05.10"]
[Round "9.3"]
[Board "2"]
[White "Yeletsky, Ivan"]
[Black "Gutenev, Alexander"]
[Result "1/2-1/2"]
[WhiteTitle "FM"]
[BlackTitle "IM"]
[WhiteElo "2422"]
[BlackElo "2460"]
[WhiteTeam "Krym Nash"]
[BlackTeam "South Ural (Chelyabinsk region)"]
[WhiteFideId "24180327"]
[BlackFideId "4195540"]
[EventDate "2019.05.01"]

1. e4 c5 2. Nf3 Nc6 3. d4 cxd4 4. Nxd4 Nf6 5. Nc3 d6 6. Bg5 e6 7. Qd2 Be7 8.
O-O-O O-O 9. f4 Nxd4 10. Qxd4 Qa5 11. Be2 Bd7 12. e5 dxe5 13. fxe5 Bc6 14. Bxf6
gxf6 15. Nd5 Bxd5 16. exf6 Bxf6 17. Qxf6 Be4 18. Bd3 Bg6 19. Bxg6 hxg6 20. Rd3
Rad8 21. b4 Qf5 22. Qxf5 exf5 23. Rhd1 Rxd3 24. Rxd3 a6 25. Rd7 Rb8 26. Kd2 Kg7
27. c4 Kf6 28. Kc3 g5 29. c5 f4 30. h3 Ke6 31. Rd6+ Ke5 32. Rb6 f5 33. Rg6 Rh8
34. Kb3 f3 35. gxf3 Kf4 36. Ka4 Rxh3 37. Ka5 Rh7 38. Kb6 Kxf3 39. Rxg5 Ke4 40.
Rg8 Rf7 41. Rb8 f4 42. Rxb7 Rxb7+ 43. Kxb7 f3 44. c6 f2 45. c7 f1=Q 46. c8=Q
Qb5+ 47. Ka7 a5 48. Qg4+ Kd3 49. Qd1+ Kc4 50. Qb3+ Kd4 51. Qb2+ Kc4 52. Qb3+ Kd4
53. bxa5 Qxa5+ 54. Kb7 Kc5 55. Qc2+ Kb4 56. Qb2+ Kc5 57. Qf2+ Kb4 58. Qh4+ Ka3
59. Qc4 Qb4+ 60. Qxb4+ Kxb4 61. a3+ Kxa3 1/2-1/2

[Event "TCh-RUS HL 2019"]
[Site "Sochi RUS"]
[Date "2019.05.10"]
[Round "9.3"]
[Board "3"]
[White "Drygalov, Andrey"]
[Black "Vastrukhin, Oleg"]
[Result "1/2-1/2"]
[WhiteTitle "IM"]
[WhiteElo "2481"]
[BlackElo "2404"]
[WhiteTeam "South Ural (Chelyabinsk region)"]
[BlackTeam "Krym Nash"]
[WhiteFideId "24171735"]
[BlackFideId "4192770"]
[EventDate "2019.05.01"]

1. d4 g6 2. e4 Bg7 3. Nc3 c6 4. Nf3 d6 5. a4 a5 6. h3 Nf6 7. Be2 O-O 8. O-O Na6
9. Re1 Nb4 10. Bf1 e5 11. Be3 Qc7 12. dxe5 dxe5 13. Bc4 Rd8 14. Qc1 Ne8 15. Bg5
Rd7 16. Bb3 b6 17. Nh2 Kh8 18. Rd1 f6 19. Be3 f5 20. Rxd7 Bxd7 21. Qd2 Nf6 22.
exf5 gxf5 23. f4 e4 24. Rd1 c5 25. Bc4 Be8 26. Nb5 Qe7 27. Nd6 Rd8 28. c3 Nc6
29. Bb5 Bf8 30. Bxc6 Rxd6 31. Qxd6 Qxd6 32. Rxd6 Bxd6 33. Bxe8 Nxe8 34. Nf1 Nf6
35. Kf2 Kg7 36. Nd2 Kf7 37. Nc4 Bc7 38. Bd2 Ke6 39. g3 h5 40. h4 Ng4+ 41. Ke2 1/2-1/2

[Event "TCh-RUS HL 2019"]
[Site "Sochi RUS"]
[Date "2019.05.10"]
[Round "9.3"]
[Board "4"]
[White "Derjabin, Ilja"]
[Black "Radzhabov, Rodion"]
[Result "0-1"]
[WhiteTitle "IM"]
[BlackTitle "FM"]
[WhiteElo "2345"]
[BlackElo "2406"]
[WhiteTeam "Krym Nash"]
[BlackTeam "South Ural (Chelyabinsk region)"]
[WhiteFideId "14104768"]
[BlackFideId "884715"]
[EventDate "2019.05.01"]

1. Nf3 Nf6 2. g3 d5 3. c4 c6 4. Bg2 g6 5. O-O Bg7 6. d4 O-O 7. Nc3 dxc4 8. e4 b5
9. e5 Nd5 10. Ne4 Na6 11. Qe2 Qb6 12. Rd1 Rd8 13. h4 Bg4 14. Neg5 f6 15. Bh3
Bxh3 16. Nxh3 c5 17. h5 cxd4 18. hxg6 hxg6 19. Rxd4 Qe6 20. Rh4 Nc5 21. Bd2 fxe5
22. Bh6 Bf6 23. Bg5 Qf5 24. Re1 e4 25. Bxf6 exf3 26. Rh8+ Kf7 27. Rh7+ Kxf6 28.
Qd2 Nd3 29. Ng5 Qxg5 30. Re6+ Kf5 0-1

[Event "TCh-RUS HL 2019"]
[Site "Sochi RUS"]
[Date "2019.05.10"]
[Round "9.4"]
[Board "1"]
[White "Novikov, Stanislav"]
[Black "Grishchenko, Sergey1"]
[Result "1/2-1/2"]
[WhiteTitle "GM"]
[BlackTitle "IM"]
[WhiteElo "2535"]
[BlackElo "2415"]
[WhiteTeam "Botvinnik School (Moscow)"]
[BlackTeam "Metrum Group (Smolensk region)"]
[WhiteFideId "4125371"]
[BlackFideId "4136730"]
[EventDate "2019.05.01"]

1. e4 c6 2. c4 d5 3. cxd5 cxd5 4. exd5 Nf6 5. Nc3 Nxd5 6. Nf3 Nc6 7. Bb5 g6 8.
Qb3 Be6 9. Nd4 Qd6 10. Nxe6 fxe6 11. d4 Bg7 12. Be3 O-O 13. Bxc6 Qxc6 14. O-O
Nxc3 15. bxc3 Rac8 16. Qa3 Qxc3 17. Qxa7 Qc6 18. Rfb1 Rfd8 19. g3 e5 20. d5 Qxd5
21. Qxb7 e4 22. Qxd5+ Rxd5 23. Rd1 Ra5 24. Bd4 Rc2 25. a4 Rc4 26. Bxg7 Kxg7 27.
Rd7 Kf7 28. Kf1 Rcxa4 29. Rxa4 Rxa4 30. Ke2 Kf6 31. Ke3 h5 32. h4 e6 33. Rb7 Kf5
34. Rf7+ Ke5 35. Rf8 Ra3+ 36. Ke2 Ra2+ 37. Ke3 Ra3+ 38. Ke2 Ra2+ 39. Ke3 Ra3+
40. Ke2 Ra2+ 1/2-1/2

[Event "TCh-RUS HL 2019"]
[Site "Sochi RUS"]
[Date "2019.05.10"]
[Round "9.4"]
[Board "2"]
[White "Potapov, Alexey"]
[Black "Makarian, Rudik"]
[Result "0-1"]
[WhiteTitle "IM"]
[BlackTitle "IM"]
[WhiteElo "2370"]
[BlackElo "2348"]
[WhiteTeam "Metrum Group (Smolensk region)"]
[BlackTeam "Botvinnik School (Moscow)"]
[WhiteFideId "4182138"]
[BlackFideId "44105681"]
[EventDate "2019.05.01"]

1. d4 Nf6 2. c4 e6 3. Nc3 Bb4 4. e3 O-O 5. Ne2 Re8 6. a3 Bf8 7. g3 d5 8. cxd5
exd5 9. Bg2 c6 10. O-O Bf5 11. f3 h6 12. Bd2 c5 13. Be1 Rxe3 14. Bf2 Rd3 15. Qb3
Nc6 16. Qxb7 Nxd4 17. Nxd4 cxd4 18. Ne2 Bc5 19. b4 Bb6 20. Rfd1 Rxd1+ 21. Rxd1
d3 22. Nd4 Qe8 23. Bf1 Bxd4 24. Bxd4 Rc8 25. g4 Bg6 26. Qa6 Rc4 27. Qxa7 Kh7 28.
Rxd3 Rc1 29. Rc3 Rd1 30. Bxf6 gxf6 31. Qf2 d4 32. Rc2 Bd3 33. Kg2 Bxf1+ 34. Kg3
Qe5+ 35. Kh4 Qg5+ 36. Kg3 Qe5+ 37. Kh4 Bd3 38. Rc5 Qe3 39. Qa2 0-1

[Event "TCh-RUS HL 2019"]
[Site "Sochi RUS"]
[Date "2019.05.10"]
[Round "9.4"]
[Board "3"]
[White "Yeritsyan, Aram"]
[Black "Konaplev, Anton"]
[Result "1-0"]
[WhiteTitle "FM"]
[BlackTitle "FM"]
[WhiteElo "2299"]
[BlackElo "2314"]
[WhiteTeam "Botvinnik School (Moscow)"]
[BlackTeam "Metrum Group (Smolensk region)"]
[WhiteFideId "34161047"]
[BlackFideId "24165646"]
[EventDate "2019.05.01"]

1. e4 Nf6 2. e5 Nd5 3. d4 d6 4. c4 Nb6 5. exd6 exd6 6. Bd3 Be7 7. Ne2 Nc6 8.
Nbc3 Bf6 9. Be3 O-O 10. O-O Nb4 11. b3 Nxd3 12. Qxd3 Bg4 13. Ng3 c6 14. f3 Bd7
15. Nce4 Be7 16. Bf4 Be6 17. Nc3 d5 18. c5 Nd7 19. b4 b6 20. Na4 Re8 21. Rab1 g6
22. Be3 Bh4 23. Qd2 Qc8 24. Nc3 bxc5 25. dxc5 Qc7 26. b5 Be7 27. Rfc1 Rec8 28.
Qf2 Qa5 29. Nge2 cxb5 30. Nxb5 Rab8 31. Nd6 Rxb1 32. Rxb1 Qxa2 33. Re1 Rc7 34.
Bd4 Qa6 35. Ra1 Qc6 36. Qg3 Nxc5 37. Ne8 Rb7 38. Qe5 f6 39. Nxf6+ Kf7 40. Nxh7
Bf5 41. Qg7+ Ke8 42. Qh8+ Kf7 43. Rc1 Rb1 44. Qg7+ Ke8 45. Rxb1 Bxb1 46. Bf6 Bd6
47. Qg8+ Kd7 48. Qd8+ Ke6 49. Nd4+ Kf7 50. Ng5# 1-0

[Event "TCh-RUS HL 2019"]
[Site "Sochi RUS"]
[Date "2019.05.10"]
[Round "9.4"]
[Board "4"]
[White "Pogosian, Georgy"]
[Black "Kim, Alexey"]
[Result "0-1"]
[WhiteTitle "FM"]
[BlackTitle "GM"]
[WhiteElo "2088"]
[BlackElo "2463"]
[WhiteTeam "Metrum Group (Smolensk region)"]
[BlackTeam "Botvinnik School (Moscow)"]
[WhiteFideId "4119088"]
[BlackFideId "4129776"]
[EventDate "2019.05.01"]

1. d4 Nf6 2. Nf3 d5 3. c4 e6 4. e3 c6 5. Nc3 Nbd7 6. Qc2 Bd6 7. Be2 O-O 8. O-O
dxc4 9. a4 e5 10. Bxc4 Qe7 11. h3 e4 12. Ng5 Nb6 13. Bb3 Nbd5 14. f3 Nxc3 15.
bxc3 Bf5 16. fxe4 Bg6 17. Qe2 Nxe4 18. Nxe4 Bxe4 19. Qh5 Kh8 20. Ra2 f5 21. Bc2
Bd5 22. Ra1 Rf6 23. e4 fxe4 24. Bg5 Rxf1+ 25. Rxf1 Qe6 26. Re1 Rf8 27. Qh4 Qf5
28. Be3 Bc4 29. Qf2 Qg6 0-1

[Event "TCh-RUS HL 2019"]
[Site "Sochi RUS"]
[Date "2019.05.10"]
[Round "9.5"]
[Board "1"]
[White "Navrodskiy, Boris"]
[Black "Zakhartsov, Vladimir"]
[Result "0-1"]
[WhiteTitle "FM"]
[BlackTitle "GM"]
[WhiteElo "2264"]
[BlackElo "2471"]
[WhiteTeam "BYCP (Moscow)"]
[BlackTeam "Grandmaster Academy / Chess-trans"]
[WhiteFideId "24176826"]
[BlackFideId "4145097"]
[EventDate "2019.05.01"]

1. d4 Nf6 2. c4 b6 3. Nf3 Bb7 4. g3 c5 5. Bg2 cxd4 6. Qxd4 d6 7. O-O Nbd7 8. Nc3
Rc8 9. b3 g6 10. Qh4 h6 11. Bb2 Bg7 12. Nd5 O-O 13. Nxf6+ Nxf6 14. Rad1 h5 15.
Rfe1 Rc7 16. Qd4 Qa8 17. Nh4 b5 18. Rc1 Bxg2 19. Nxg2 bxc4 20. Rxc4 Ne8 21. Qd2
Rxc4 22. bxc4 Nf6 23. Ne3 Qb7 24. Ba1 Rb8 25. Qd3 h4 26. g4 Qa6 27. g5 Qa5 28.
Ng2 Qxg5 29. f4 Qa5 30. Bc3 Qxa2 31. Ra1 Qb3 32. Nxh4 Rc8 33. Rxa7 Qxc4 34. Qxc4
Rxc4 35. Bd2 Rc2 36. Nf3 Ne4 37. Bb4 Bf6 38. Kf1 Kg7 39. Be1 Rc1 40. Kg2 g5 41.
fxg5 Nxg5 42. Bd2 Rc5 43. Be3 Nxf3 44. Bxc5 Nh4+ 45. Kh3 dxc5 46. Rc7 Ng6 47. e3
Bg5 48. e4 Be3 49. Kg4 Kf6 50. h4 Ne5+ 51. Kg3 e6 0-1

[Event "TCh-RUS HL 2019"]
[Site "Sochi RUS"]
[Date "2019.05.10"]
[Round "9.5"]
[Board "2"]
[White "Glek, Igor"]
[Black "Cherednichenko, Dmitrij"]
[Result "1-0"]
[WhiteTitle "GM"]
[BlackTitle "FM"]
[WhiteElo "2464"]
[BlackElo "2257"]
[WhiteTeam "Grandmaster Academy / Chess-trans"]
[BlackTeam "BYCP (Moscow)"]
[WhiteFideId "4100484"]
[BlackFideId "44111436"]
[EventDate "2019.05.01"]

1. e4 e6 2. d4 d5 3. Nc3 Bb4 4. exd5 exd5 5. Bd3 Nc6 6. a3 Bxc3+ 7. bxc3 Nge7 8.
Ne2 Bf5 9. Ng3 Bg6 10. h4 O-O 11. h5 Bxd3 12. cxd3 h6 13. O-O Qd7 14. Qf3 Rfe8
15. Re1 Rad8 16. Bd2 Nc8 17. Re3 Re6 18. Rxe6 fxe6 19. Re1 Rf8 20. Qg4 Rf6 21.
Ne2 Nd6 22. Nf4 Nf5 23. Qe2 Nd8 24. Ng6 Nf7 25. f4 Ne7 26. Nh4 Nf5 27. Nxf5 Rxf5
28. Qxe6 Qxe6 29. Rxe6 Nd6 30. g4 Rf7 31. a4 Rd7 32. Kf2 a5 33. f5 Kf7 34. Bf4
Nc8 35. Ke2 c6 36. Kd2 Ne7 37. Be5 Rd8 38. c4 Rd7 39. c5 Rd8 40. Ke3 Rd7 41. Kf4
Rd8 42. Bxg7 Nxf5 43. Kxf5 Kxg7 44. Re7+ Kf8 45. Rxb7 Re8 46. Kf6 1-0

[Event "TCh-RUS HL 2019"]
[Site "Sochi RUS"]
[Date "2019.05.10"]
[Round "9.5"]
[Board "3"]
[White "Ufimtsev, Egor"]
[Black "Golubev, Roman"]
[Result "1-0"]
[BlackTitle "IM"]
[WhiteElo "2101"]
[BlackElo "2378"]
[WhiteTeam "BYCP (Moscow)"]
[BlackTeam "Grandmaster Academy / Chess-trans"]
[WhiteFideId "4146336"]
[BlackFideId "14202344"]
[EventDate "2019.05.01"]

1. Nf3 Nf6 2. c4 g6 3. Nc3 d5 4. cxd5 Nxd5 5. g3 Bg7 6. Bg2 Nb6 7. O-O Nc6 8. d3
O-O 9. Be3 h6 10. Qc1 Kh7 11. Rd1 e5 12. d4 exd4 13. Nxd4 Nxd4 14. Bxd4 Bxd4 15.
e3 Bxe3 16. Qxe3 Qf6 17. Qc5 Bg4 18. Bxb7 Rab8 19. Re1 Nd7 20. Qxc7 Rfe8 21.
Rxe8 Rxe8 22. Bc6 Qe5 23. Qxe5 Rxe5 24. Nd5 Kg7 25. Ne3 Be6 26. b4 Nb6 27. a3 f5
28. Kg2 Bf7 29. Rc1 Re7 30. a4 Rc7 31. Rc5 a5 32. bxa5 Nxa4 33. Rc2 Bb3 34. Bxa4
Bxc2 35. Bxc2 Rc3 36. Bd1 Ra3 37. Nc4 Ra1 38. Be2 Kf6 39. Kf3 Ke6 40. h4 g5 41.
hxg5 hxg5 42. Bd3 Ra4 43. Ke3 Ra2 44. f3 Kd5 45. Bxf5 Rg2 46. Nd2 Rxg3 47. Kf2 1-0

[Event "TCh-RUS HL 2019"]
[Site "Sochi RUS"]
[Date "2019.05.10"]
[Round "9.5"]
[Board "4"]
[White "Vdovin, Vadim"]
[Black "Pryalukhin, Danila"]
[Result "1-0"]
[WhiteTitle "FM"]
[WhiteElo "2361"]
[BlackElo "2075"]
[WhiteTeam "Grandmaster Academy / Chess-trans"]
[BlackTeam "BYCP (Moscow)"]
[WhiteFideId "24107158"]
[BlackFideId "24176206"]
[EventDate "2019.05.01"]

1. e4 c5 2. Nf3 e6 3. d4 cxd4 4. Nxd4 a6 5. Bd3 Bc5 6. Nb3 Ba7 7. O-O Nc6 8. Qg4
Nf6 9. Qxg7 Rg8 10. Qh6 Ne5 11. Be2 Rg6 12. Qh4 b5 13. Kh1 Bb7 14. f3 Qc7 15. c3
O-O-O 16. Nd4 Rdg8 17. Bf4 d6 18. Nd2 Nfd7 19. Rg1 Nc5 20. Be3 Kb8 21. Qe1 Qe7
22. c4 Ncd3 23. Bxd3 Nxd3 24. Qe2 Nf4 25. Bxf4 Bxd4 26. Qd3 e5 27. Be3 Qh4 28.
cxb5 d5 29. exd5 Bxd5 30. bxa6 Ka8 31. g3 Rxg3 32. Bxd4 exd4 33. Rxg3 Rxg3 34.
Qf5 Rg5 35. Qc8+ Ka7 36. Rc1 Ba8 37. Rc7+ Kb6 38. Qb8+ Ka5 39. Nc4+ 1-0

[Event "TCh-RUS HL 2019"]
[Site "Sochi RUS"]
[Date "2019.05.10"]
[Round "9.6"]
[Board "1"]
[White "Lugovskoy, Maxim"]
[Black "Smirnov, Timofey"]
[Result "1-0"]
[WhiteTitle "GM"]
[BlackTitle "FM"]
[WhiteElo "2445"]
[BlackElo "2354"]
[WhiteTeam "Sochi (Krasnodar Territory)"]
[BlackTeam "School for Summer Sports (Moscow"]
[WhiteFideId "24126454"]
[BlackFideId "24176427"]
[EventDate "2019.05.01"]

1. e4 e5 2. Nf3 Nc6 3. Nc3 Nf6 4. Bb5 Bb4 5. O-O O-O 6. d3 d6 7. Bxc6 bxc6 8.
Ne2 Re8 9. Ng3 d5 10. c3 Bd6 11. Qa4 Bd7 12. Qc2 Bg4 13. Nd2 Nd7 14. Re1 Bf8 15.
h3 Be6 16. Nf3 f6 17. Be3 c5 18. d4 dxe4 19. Nxe4 cxd4 20. cxd4 Bd5 21. dxe5
Nxe5 22. Nxe5 Rxe5 23. Bf4 Re6 24. Nc3 Rxe1+ 25. Rxe1 Bb4 26. Rd1 Bxc3 27. bxc3
Qd7 28. c4 Be4 29. Rxd7 Bxc2 30. Rxc7 a5 31. c5 Bf5 32. Bd6 a4 33. a3 Ra6 34. f3
Be6 35. Kf2 Bd5 36. f4 f5 37. Be5 Rg6 38. g3 Kf8 39. Ra7 Bc6 40. Ra6 Bb5 41. Ra7
Bc6 42. Bd6+ Ke8 43. Re7+ Kd8 44. Rf7 Be4 45. Be5 Ke8 46. Ra7 Bc6 47. Bxg7 Re6
48. Be5 Re7 49. Ra6 Kd7 50. g4 1-0